Normal view MARC view
  • Simulation of virtual sensors over internet TCC-20

Entry Personal Name

Number of records used in: 0

001 - CONTROL NUMBER

  • control field: 132074

003 - CONTROL NUMBER IDENTIFIER

  • control field: NUST

005 - DATE AND TIME OF LATEST TRANSACTION

  • control field: 20251125134626.0

008 - FIXED-LENGTH DATA ELEMENTS

  • fixed length control field: 251125|| aca||aabn | a|a d

040 ## - CATALOGING SOURCE

  • Original cataloging agency: NUST
  • Transcribing agency: NUST

100 ## - HEADING--PERSONAL NAME

  • Personal name: Simulation of virtual sensors over internet TCC-20

670 ## - SOURCE DATA FOUND

  • Source citation: Work cat.: (NUST)190661: Mehmood, Salman (TCC-20) 132073, Simulation of virtual sensors over internet /, June 2012
© 2023 Central Library, National University of Sciences and Technology. All Rights Reserved.